| 000 | 00787nam a2200217Ii 4500 | ||
|---|---|---|---|
| 003 | JO-AjNU | ||
| 008 | 230605s9999||||xx |||||||||||||| ||und|| | ||
| 017 | _a1980/159 | ||
| 040 |
_aJO-AjNU _bara _erda _cJO-AjNU |
||
| 041 | _aara | ||
| 050 | 1 | 4 | _aPJ6167.H5 1980 |
| 100 | 3 |
_aهلال، ماهر مهدي, _eauthor _959414 |
|
| 245 | 0 | 0 | _aجرس الألفاظ ودلالتها في البحث البلاغي والنقدي عند العرب |
| 264 | 3 | 1 | _aبغداد: دار الرشيد للنشر، 1980 |
| 300 |
_a335ص _bيشتمل على مصادر ومراجع 315-335ص |
||
| 336 |
_atext _btxt _2rdacontent |
||
| 337 |
_aunmediated _bn _2rdamedia |
||
| 338 |
_avolume _bnc _2rdacarrier |
||
| 490 | 0 | _aسلسلة دراسات(195) | |
| 650 | 4 |
_aاللغوين العرب _959415 |
|
| 999 |
_aA26735 _c30303 _d30303 |
||